<?xml version="1.0" encoding="UTF-8"?>
<record
    xmlns:xsi="http://www.w3.org/2001/XMLSchema-instance"
    xsi:schemaLocation="http://www.loc.gov/MARC21/slim http://www.loc.gov/standards/marcxml/schema/MARC21slim.xsd"
    xmlns="http://www.loc.gov/MARC21/slim">

  <leader>02301nam a22002657a 4500</leader>
  <controlfield tag="005">20250507111026.0</controlfield>
  <controlfield tag="008">250505b        |||||||| |||| 00| 0 eng d</controlfield>
  <datafield tag="020" ind1=" " ind2=" ">
    <subfield code="a">9788180545382</subfield>
  </datafield>
  <datafield tag="040" ind1=" " ind2=" ">
    <subfield code="c">AIMIT LIBRARY</subfield>
  </datafield>
  <datafield tag="082" ind1=" " ind2=" ">
    <subfield code="2">1st</subfield>
    <subfield code="a">511.2</subfield>
    <subfield code="b">SAND</subfield>
  </datafield>
  <datafield tag="100" ind1=" " ind2=" ">
    <subfield code="a">Sancheti, D C.</subfield>
    <subfield code="9">209317</subfield>
  </datafield>
  <datafield tag="245" ind1=" " ind2=" ">
    <subfield code="a">Business mathematics /</subfield>
    <subfield code="c">By D.C. Sancheti and Kapoor, V K.</subfield>
  </datafield>
  <datafield tag="250" ind1=" " ind2=" ">
    <subfield code="a">1st ed.</subfield>
  </datafield>
  <datafield tag="260" ind1=" " ind2=" ">
    <subfield code="a">New Delhi :</subfield>
    <subfield code="b">Sultan Chand and Sons ,</subfield>
    <subfield code="c">2021.</subfield>
  </datafield>
  <datafield tag="300" ind1=" " ind2=" ">
    <subfield code="a">xiii,856,ACE-151,lp45,P42,A-71,11</subfield>
    <subfield code="b">PB</subfield>
    <subfield code="c">22.5 cm.</subfield>
  </datafield>
  <datafield tag="500" ind1=" " ind2=" ">
    <subfield code="a">About the Book

The book is designed for the students of CA, ICMA and B.Com. A complete section on linear programming has been added. Moreover a new feature is addition of application to commerce and economics and probability.



Salient Features

A number of typical problems have been added as solved examples in each chapter. These will enable the reader to have a better and thoughtful understanding of the basic concepts of the theory and its various applications

A conscious effort has been made to make the presentation of all topics discussed very simple and to develop the subject-matter in such step-by-step manner that the book can serve as self-study text for the students

The book has 989 illustrations, 112 diagrams and 1,149 exercises with answers for practice.</subfield>
  </datafield>
  <datafield tag="505" ind1=" " ind2=" ">
    <subfield code="a">
Contents :

Logical Statements and Truth Tables
Theory of Sets
Boolean Algebra
Real Number Systems
Groups, Ring and Field
Indices and Surds
Logarithms
Equations : Linear Quadratic, Cubic and Higher Order
Permutations and Combinations
Binomial Theorem
Mathematical Induction, Sequence and Series
Arithmetic and Geometric Progressions
Convergence and Divergence of Series
Circular Functions and Trigonometry
Coordinate Geometry
Functions, Limits and Continuity
Differential Calculus
Integral Calculus
Vector Algebra
Matrix Algebra. Applications to Business and Economics
Linear  Programming
Probability
Some Additional Topics
Tables
Index</subfield>
  </datafield>
  <datafield tag="650" ind1=" " ind2=" ">
    <subfield code="a">Logical statements and truth tables</subfield>
    <subfield code="9">209318</subfield>
  </datafield>
  <datafield tag="650" ind1=" " ind2=" ">
    <subfield code="a">Theory of sets</subfield>
    <subfield code="9">209319</subfield>
  </datafield>
  <datafield tag="650" ind1=" " ind2=" ">
    <subfield code="a">Boolean algebra</subfield>
    <subfield code="9">209320</subfield>
  </datafield>
  <datafield tag="650" ind1=" " ind2=" ">
    <subfield code="a">Groups ring and field</subfield>
    <subfield code="9">209321</subfield>
  </datafield>
  <datafield tag="650" ind1=" " ind2=" ">
    <subfield code="a">Arithmetic and geometric progressions</subfield>
    <subfield code="9">209322</subfield>
  </datafield>
  <datafield tag="700" ind1=" " ind2=" ">
    <subfield code="a">Kapoor, V K.</subfield>
    <subfield code="9">209323</subfield>
  </datafield>
  <datafield tag="942" ind1=" " ind2=" ">
    <subfield code="2">ddc</subfield>
    <subfield code="c">BK</subfield>
    <subfield code="k">511.2 SAND</subfield>
  </datafield>
  <datafield tag="999" ind1=" " ind2=" ">
    <subfield code="c">234284</subfield>
    <subfield code="d">234284</subfield>
  </datafield>
  <datafield tag="952" ind1=" " ind2=" ">
    <subfield code="0">0</subfield>
    <subfield code="1">0</subfield>
    <subfield code="2">ddc</subfield>
    <subfield code="4">0</subfield>
    <subfield code="7">0</subfield>
    <subfield code="8">MBA</subfield>
    <subfield code="a">AIMIT</subfield>
    <subfield code="b">AIMIT</subfield>
    <subfield code="c">MS</subfield>
    <subfield code="d">2025-03-14</subfield>
    <subfield code="e">Biblios Book Point</subfield>
    <subfield code="g">595.00</subfield>
    <subfield code="i">Bill no:7467; Bill dt:2025/3/11</subfield>
    <subfield code="l">0</subfield>
    <subfield code="o">511.2 SAND</subfield>
    <subfield code="p">MBA15007</subfield>
    <subfield code="r">2026-05-23 00:00:00</subfield>
    <subfield code="v">505.75</subfield>
    <subfield code="w">2025-05-05</subfield>
    <subfield code="y">BK</subfield>
  </datafield>
  <datafield tag="952" ind1=" " ind2=" ">
    <subfield code="0">0</subfield>
    <subfield code="1">0</subfield>
    <subfield code="2">ddc</subfield>
    <subfield code="4">0</subfield>
    <subfield code="7">0</subfield>
    <subfield code="8">MBA</subfield>
    <subfield code="a">AIMIT</subfield>
    <subfield code="b">AIMIT</subfield>
    <subfield code="c">MS</subfield>
    <subfield code="d">2025-03-14</subfield>
    <subfield code="e">Biblios Book Point</subfield>
    <subfield code="g">595.00</subfield>
    <subfield code="i">Bill no:7467; Bill dt:2025/3/11</subfield>
    <subfield code="l">0</subfield>
    <subfield code="o">511.2 SAND</subfield>
    <subfield code="p">MBA15008</subfield>
    <subfield code="r">2026-05-23 00:00:00</subfield>
    <subfield code="v">505.75</subfield>
    <subfield code="w">2025-05-05</subfield>
    <subfield code="y">BK</subfield>
  </datafield>
</record>
